| 000 | 01968nam a2200313 a 4500 | ||
|---|---|---|---|
| 001 | |||
| 003 | OSt | ||
| 005 | 20220127122104.0 | ||
| 007 | ta | ||
| 008 | 150408e2014 dr ad 001 0 spa d | ||
| 020 | _a9789945580211 | ||
| 040 |
_aDO-SdBNP _bspa _cBPMSU |
||
| 082 |
_a372.7 _bU76m 2014 _222 |
||
| 100 | 1 | _aUribe, Leonidas Rafael | |
| 245 | 1 | 0 |
_aMatemática hoy II / _cJesús Alberto de la Cruz; corrección y estilo Luisa Hernández |
| 260 |
_aSanto Domingo : _bUAPA, _c2014. |
||
| 300 |
_axiv, 270 p. : _bil., ; _c28 cm. |
||
| 490 | 1 | _aAutoaprendizaje | |
| 504 | _aBibliografía : p. 223-224 | ||
| 505 | 0 |
_gUnidad modular no. 1 _tLenguaje de conjuntos -- _gUnidad modular no. 2 _tIntroducción a los intervalos y desigualdades -- _gTema modular no. 1 _tDesiguldades -- _gUnidad modular no. 3 _tEcuaciones e inecuaciones de primer y segundo grado en una variable -- _gTema modular no. 1 _tInecuaciones lineales y de segundo grado -- _gUnidad modular no. 4 _tEcuaciones e inecuaciones lineales en dos variables -- _gUnidad modular no. 5 _tSistemas de ecuacuaciones e inecuaciones en dos variables -- _gTema modular no. 1 _tSistema de inecuaciones en dos variables -- _gUnidad modular no. 6 _tVectores, matrices y determinantes -- _gTema modular no. 1 _tVectores y su geometría -- _gTema modular no. 2 _tMatrices y sus generalidades -- _gTema modular no. 3 _tDeterminantes -- _gTema modular no. 7 _tRelaciones y funciones -- _gTema modular no. 1 _tIntroducción al analisis de funciones -- _gTema modular no. 2 _tRepresentación gráfica de funciones de valores reales -- _gTema modular no. 3 _tTeorema del residuo y teorema del factor -- _tSolucionario. |
|
| 590 | _6Inventariado, 2022/VM | ||
| 650 | 4 |
_a Matematicas _xEnseñanzas |
|
| 650 | 4 | _aEducación primaria. | |
| 700 | 1 |
_a Hernández, Luisa _e |
|
| 710 | 2 | _aUniversidad Abierta para Adultos (Santiago de los Caballeros, Republica Dominicana) | |
| 830 | 0 | _aAutoaprendizaje | |
| 910 | _aVMateo V. | ||
| 942 |
_2ddc _cBK |
||
| 999 |
_c13985 _d13985 |
||